000 00568nam a2200193Ia 4500
008 151121s9999||||xx |||||||||||||| ||und||
082 _a813/मेहता
082 _bHNW-46812
100 _aमेहता शशिकला
245 _aअद्वैत
260 _b"स्मिता प्रकाशन, पुणे।"
260 _c--
300 _a176
600 _aमेहता शशिकला
630 _aअद्वैत
700 _aमेहता शशिकला
730 _aअद्वैत
942 _cBOOK
999 _c1233214
_d1233211